| 000 | 00834nam a2200265Ia 4500 | ||
|---|---|---|---|
| 003 | OSt | ||
| 005 | 20221007122316.0 | ||
| 006 | a|||||r|||| 00| 0 | ||
| 007 | ta | ||
| 008 | 221006b |||||||| |||| 00| 0 eng d | ||
| 020 | _a9788173197048 (pbk) | ||
| 024 | _a81780 | ||
| 037 |
_b136, 04/09/2008, Narosa Book Distributors Pvt. Ltd. _cTextbook |
||
| 040 |
_aPAPL _cPAPL _beng |
||
| 041 |
_2eng _aeng |
||
| 082 | _aC9B3, P6-;2 Carpa | ||
| 100 | _aDevanathan V | ||
| 245 | 0 | _aNuclear Physics | |
| 260 |
_aNew _bDelhi Narosa Publishing House _c2006 |
||
| 300 |
_axiii, 388p. _ccm. |
||
| 500 | _aAppendix A-F, 357-383p.; Index 384-388p. | ||
| 650 | _aPhysics | ||
| 942 |
_hC9B3, P6-;2 Carpa _cTB _2CC |
||
| 999 |
_c1210124 _d1210124 |
||